Super Bowl Records - Statistics

General Stats
  • This quiz has been taken 21 times
  • The average score is 9 of 20
Answer Stats
Record Player % Correct
Most Touchdown Receptions in a Game Jerry Rice
95%
Most Receiving Yards in a Game Jerry Rice
95%
Most Touchdown Passes in Career Joe Montana
86%
Most Touchdown Passes in a Game Joe Montana
86%
Most Passing Completions in Career Joe Montana
86%
Most Passing Yards in a Game Joe Montana
86%
Most Rushing Yards in a Game Timmy Smith
81%
Farthest Run Marcus Allen
52%
Most Touchdowns in Career Franco Harris
48%
Most Rushing Yards in Career Franco Harris
48%
Most Passing Completions in a Game Dan Marino
24%
Longest Punt Return John Taylor
19%
Most Interceptions in a Game Rod Martin
14%
Most Touchdowns in a Game Roger Craig
14%
Most Receptions in Career Roger Craig
14%
Longest Kick Return Fulton Walker
5%
Most Receptions in a Game Dan Ross
0%
Longest Field Goal Jan Stenerud
0%
Longest Passing Completion Jim Plunkett
0%
Longest Reception Kenny King
0%
No matching quizzes found
Score Distribution
Percent of People with Each Score
Percentile by Number Answered
Your Score History
You have not taken this quiz